书目信息 |
| 题名: |
英语简历
|
|
| 作者: | 谢庆芳 编著 | |
| 分册: | ||
| 出版信息: | 北京 北京工业大学出版社 2016 |
|
| 页数: | 221页 | |
| 开本: | 23cm | |
| 丛书名: | ||
| 单 册: | ||
| 中图分类: | C913.2 , H152.3 | |
| 科图分类: | ||
| 主题词: | 职业选择--基本知识 , 个人--介绍--应用文--写作 | |
| 电子资源: | ||
| ISBN: | 978-7-5639-4551-1 | |
| 000 | 01118nam0 2200289 450 | |
| 001 | 012001001199 | |
| 005 | 20140920091302.0 | |
| 010 | @a978-7-5639-4551-1@dCNY38.00 | |
| 100 | @a20150920d2016 em y0chiy50 ea | |
| 101 | 0 | @achi@aeng |
| 102 | @aCN@b110000 | |
| 105 | @ay z 000yy | |
| 106 | @ar | |
| 200 | 1 | @a英语简历@9Ying Yu Jian Li@e求职入场券@dEnglish resume samples@zeng@f谢庆芳编著 |
| 210 | @a北京@c北京工业大学出版社@d2016 | |
| 215 | @a221页@d23cm | |
| 330 | @a本书阐述了英语简历的写作要领,其中包括必要元素、几种形式于各种版式设计;不仅列出了英语简历的有用词汇,而且列出了英语简历的有用语句;创作了几十个不同学历、不同专业、不同工作经历的英语简历最新范例;还附录了我国五十六个民族的英文名称、主要高等院校的英文名称、各类专业和学位的英文名称等。 | |
| 510 | 1 | @aEnglish resume samples@zeng |
| 517 | 1 | @a求职入场券@9Qiu Zhi Ru Chang Quan |
| 606 | 0 | @a职业选择@x基本知识 |
| 606 | 0 | @a个人@x介绍@x应用文@x写作 |
| 610 | 0 | @a简历 |
| 690 | @aC913.2@v5 | |
| 690 | @aH152.3@v5 | |
| 701 | 0 | @a谢庆芳@9Xie Qing Fang@4编著 |
| 801 | 0 | @aCN@b上海新华@c20180901 |
| 905 | @b1151637-41@dC913.2@e1445@f5 | |
| 英语简历:求职入场券=English resume samples/谢庆芳编著.-北京:北京工业大学出版社,2016 |
| 221页;23cm |
| ISBN 978-7-5639-4551-1:CNY38.00 |
| 本书阐述了英语简历的写作要领,其中包括必要元素、几种形式于各种版式设计;不仅列出了英语简历的有用词汇,而且列出了英语简历的有用语句;创作了几十个不同学历、不同专业、不同工作经历的英语简历最新范例;还附录了我国五十六个民族的英文名称、主要高等院校的英文名称、各类专业和学位的英文名称等。 |
| ● |
| 相关链接 |
|
|
|
|
正题名:英语简历
索取号:C913.2/1445
 
预约/预借
| 序号 | 登录号 | 条形码 | 馆藏地/架位号 | 状态 | 备注 |
| 1 | 1151637 | 211516377 | 第一样本阅览室/ [索取号:C913.2/1445] | 在馆 | |
| 2 | 1151638 | 211516386 | 第一借阅区/ [索取号:C913.2/1445] | 在馆 | |
| 3 | 1151639 | 211516395 | 第一借阅区/ [索取号:C913.2/1445] | 在馆 | |
| 4 | 1151640 | 211516402 | 第一借阅区/ [索取号:C913.2/1445] | 在馆 | |
| 5 | 1151641 | 211516411 | 第一借阅区/ [索取号:C913.2/1445] | 在馆 |